[Event "Wuerttemberg 1-Hessen 1"]
[Site "?"]
[Date "2015.09.07"]
[Round "2.1"]
[White "Clara, Hans-Joachim"]
[Black "Frick, Christoph"]
[Result "1/2-1/2"]
[WhiteElo "2327"]
[BlackElo "2204"]
[PlyCount "63"]
[EventDate "2015.??.??"]
[WhiteTeam "Hessen 1"]
[BlackTeam "Wuerttemberg 1"]

1. Nf3 d5 2. c4 c6 3. d4 Nf6 4. Nc3 dxc4 5. a4 Bf5 6. Ne5 Nbd7 7. Nxc4 Nb6 8.
Ne5 a5 9. f3 Nfd7 10. Nxd7 Nxd7 11. e4 Bg6 12. Be3 Qb6 13. Qd2 e5 14. dxe5 Bc5
15. Bxc5 Nxc5 16. Bc4 Rd8 17. Qc2 Rd4 18. b3 O-O 19. Rd1 Rxd1+ 20. Kxd1 Qd8+ 21.
Qd2 Qe7 22. Qf4 Nd7 23. e6 Nb6 24. exf7+ Kh8 25. Kc2 Nxc4 26. bxc4 Bxf7 27. Rd1
Bxc4 28. Qd6 Qf7 29. Rd4 Kg8 30. Kb2 Bf1 31. Qg3 b5 32. axb5 1/2-1/2

[Event "Wuerttemberg 1-Hessen 1"]
[Site "?"]
[Date "2015.09.07"]
[Round "2.2"]
[White "Fritsch, Rolf"]
[Black "Nehmert, Ulrich"]
[Result "1/2-1/2"]
[WhiteElo "2219"]
[BlackElo "2360"]
[PlyCount "82"]
[EventDate "2015.??.??"]
[WhiteTeam "Wuerttemberg 1"]
[BlackTeam "Hessen 1"]

1. e4 c5 2. Nf3 Nc6 3. g3 d5 4. exd5 Qxd5 5. Nc3 Qe6+ 6. Be2 Nd4 7. Nxd4 cxd4 8.
Nb5 Qc6 9. f3 e5 10. c3 Bc5 11. b4 Bb6 12. Bb2 a6 13. Na3 Ne7 14. Nc4 Qe6 15.
Bd3 dxc3 16. dxc3 Bc7 17. a4 O-O 18. Qe2 f5 19. O-O Kh8 20. Rae1 Ng6 21. Qc2 Bd7
22. Bc1 b5 23. axb5 axb5 24. Nb2 Ra2 25. c4 bxc4 26. Bxc4 Bb6+ 27. Kg2 Qc6 28.
Re2 Raa8 29. b5 Qf6 30. Na4 Bd4 31. Bb2 Bxb2 32. Nxb2 f4 33. Bd3 Rac8 34. Qd2
Rfd8 35. Qe1 e4 36. Bxe4 Bxb5 37. Rff2 Bxe2 38. Qxe2 Re8 39. Nd3 fxg3 40. hxg3
Qg5 41. Qd2 Nh4+ 1/2-1/2

[Event "Wuerttemberg 1-Hessen 1"]
[Site "?"]
[Date "2015.09.07"]
[Round "2.3"]
[White "Bosbach, Gerhard"]
[Black "Seyfried, Claus"]
[Result "1-0"]
[WhiteElo "2204"]
[BlackElo "2159"]
[PlyCount "83"]
[EventDate "2015.??.??"]
[WhiteTeam "Hessen 1"]
[BlackTeam "Wuerttemberg 1"]

1. d4 d5 2. c4 e6 3. Nf3 c6 4. e3 Bd6 5. Nc3 f5 6. Rb1 Nf6 7. b4 O-O 8. c5 Bc7
9. Be2 Nbd7 10. Ng5 Qe7 11. f4 Ne4 12. Ngxe4 fxe4 13. h4 b6 14. Na4 b5 15. Nc3
a5 16. a3 Bb7 17. g4 Kh8 18. Kd2 Rf7 19. Kc2 Raf8 20. Qg1 Bc8 21. Bd2 Nb8 22. g5
Na6 23. Bh5 g6 24. Bg4 Kg8 25. h5 Rg7 26. Ne2 a4 27. Rh3 Kf7 28. Qh2 Ke8 29. Rh1
Kd8 30. Rh4 Bd7 31. hxg6 hxg6 32. Nc3 Be8 33. Nd1 Nb8 34. Be1 Nd7 35. Bg3 Kc8
36. Qh3 Bf7 37. Nf2 Kb7 38. Be2 Bb8 39. Ng4 Bc7 40. Nh6 Ka7 41. f5 Bxg3 42. Qxg3
1-0

[Event "Wuerttemberg 1-Hessen 1"]
[Site "?"]
[Date "2015.09.07"]
[Round "2.4"]
[White "Weisenburger, Horst"]
[Black "Kargoll, Herbert"]
[Result "0-1"]
[WhiteElo "2153"]
[BlackElo "2184"]
[PlyCount "66"]
[EventDate "2015.??.??"]
[WhiteTeam "Wuerttemberg 1"]
[BlackTeam "Hessen 1"]

1. f4 d5 2. Nf3 c5 3. g3 Nc6 4. Bg2 g6 5. d3 Bg7 6. O-O Nf6 7. c3 Qb6 8. Kh1 h5
9. Qe1 d4 10. e4 dxe3 11. Qxe3 Be6 12. Nbd2 Rd8 13. Ng5 Ng4 14. Qe2 Bf5 15. Be4
h4 16. Bxf5 gxf5 17. gxh4 Rxh4 18. Ndf3 Rh8 19. h3 Qa6 20. Kg2 Nf6 21. Be3 b6
22. Rad1 Qxa2 23. c4 Nh5 24. Rd2 Qa6 25. Ne5 Nxe5 26. fxe5 Bxe5 27. Bxc5 Qb7+
28. Kg1 Bf6 29. Bxe7 Qxe7 30. Qf3 Bd4+ 31. Kh1 Qxg5 32. Qc6+ Kf8 33. Rg2 Ng3+
0-1

[Event "NRW-Rheinland-Pfalz 1"]
[Site "?"]
[Date "2015.09.07"]
[Round "2.1"]
[White "Giesen, Dieter"]
[Black "Khanukov, Boris"]
[Result "1-0"]
[WhiteElo "2201"]
[BlackElo "2334"]
[PlyCount "87"]
[EventDate "2015.??.??"]
[WhiteTeam "Rheinland-Pfalz 1"]
[BlackTeam "NRW"]

1. e4 g6 2. d4 Bg7 3. Nc3 c6 4. Nf3 d5 5. h3 dxe4 6. Nxe4 Nd7 7. Be2 Ngf6 8.
Nxf6+ Nxf6 9. O-O O-O 10. c3 Qc7 11. Ne5 Nd7 12. Nxd7 Bxd7 13. Re1 Rad8 14. Bg5
Be6 15. Qa4 h6 16. Bh4 g5 17. Bg3 Qb6 18. Qa3 Rfe8 19. Bh5 Bd5 20. Rac1 Bc4 21.
b3 Be6 22. Rxe6 fxe6 23. Bxe8 Rxe8 24. Re1 Kf7 25. b4 Rd8 26. Qb3 Rd5 27. Qd1 c5
28. bxc5 Qc6 29. Qh5+ Kf8 30. Qg6 e5 31. Qf5+ Kg8 32. Bxe5 b5 33. cxb6 axb6 34.
c4 Ra5 35. d5 Qe8 36. Bxg7 Kxg7 37. Qe5+ Kg8 38. Qe6+ Qf7 39. Qxb6 Rxa2 40. d6
e6 41. Qe3 e5 42. c5 Rc2 43. d7 Qxd7 44. Qb3+ 1-0

[Event "NRW-Rheinland-Pfalz 1"]
[Site "?"]
[Date "2015.09.07"]
[Round "2.2"]
[White "Rotstein, Jefim"]
[Black "Schumacher, Gottfried"]
[Result "0-1"]
[WhiteElo "2317"]
[BlackElo "2218"]
[PlyCount "124"]
[EventDate "2015.??.??"]
[WhiteTeam "NRW"]
[BlackTeam "Rheinland-Pfalz 1"]

1. Nf3 e6 2. e3 b6 3. d4 Nf6 4. Nbd2 c5 5. Bd3 Nc6 6. O-O Bb7 7. b3 cxd4 8. exd4
Nb4 9. Be2 Nbd5 10. Bb2 Rc8 11. Ne5 Bb4 12. Bf3 Bc3 13. Ndc4 Bxb2 14. Nxb2 d6
15. Nec4 b5 16. Qd2 bxc4 17. bxc4 Ne7 18. Bxb7 Rb8 19. Ba6 O-O 20. Rab1 Qb6 21.
Bb5 a6 22. Ba4 d5 23. c5 Ne4 24. Qd3 Qa5 25. Rfd1 Nc3 26. Qd2 Qb4 27. Bb3 Nxb1
28. Qxb4 Rxb4 29. Rxb1 Rxd4 30. Nd3 a5 31. a4 Rb8 32. Nb2 Nc6 33. Kf1 Rdb4 34.
Rd1 Rd4 35. Rc1 Kf8 36. Nd1 Rdb4 37. Nc3 Nd4 38. Ke1 Nxb3 39. cxb3 Rxb3 40. Nb5
R3xb5 41. axb5 Rxb5 42. c6 Rb8 43. Kd2 Ke7 44. Rc5 Rc8 45. Rxa5 Kd6 46. Ra3 Rxc6
47. Rh3 h6 48. Rg3 g6 49. Rf3 Rc7 50. g4 e5 51. Rh3 e4 52. Rxh6 Ke5 53. Rh8 d4
54. h4 Kf4 55. h5 gxh5 56. gxh5 f5 57. h6 Kf3 58. Rf8 f4 59. Rf5 e3+ 60. fxe3
dxe3+ 61. Kd3 Rd7+ 62. Kc2 e2 0-1

[Event "NRW-Rheinland-Pfalz 1"]
[Site "?"]
[Date "2015.09.07"]
[Round "2.3"]
[White "Villing, Dieter"]
[Black "Hassenrueck, Helmut"]
[Result "0-1"]
[WhiteElo "2103"]
[BlackElo "2248"]
[PlyCount "112"]
[EventDate "2015.??.??"]
[WhiteTeam "Rheinland-Pfalz 1"]
[BlackTeam "NRW"]

1. d4 Nf6 2. Nc3 d5 3. Bg5 Bf5 4. f3 Nbd7 5. Nxd5 Nxd5 6. e4 h6 7. Bh4 Ne3 8.
Qd3 Nxf1 9. exf5 Nc5 10. Qc3 Na4 11. Qb3 Nb6 12. Bf2 Nxh2 13. Rxh2 Qd7 14. g4 e6
15. fxe6 fxe6 16. Ne2 Bd6 17. Rh3 a5 18. O-O-O a4 19. Qd3 a3 20. b3 O-O-O 21. c4
Be7 22. Rh5 Rhf8 23. Ra5 c5 24. Rb5 Qc6 25. Be1 Na8 26. Qe4 Qxe4 27. fxe4 Nc7
28. Ra5 b6 29. Rxa3 cxd4 30. b4 e5 31. Rb3 Ne6 32. Bg3 Bg5+ 33. Kc2 Bf4 34. a4
Bxg3 35. Nxg3 Rf4 36. a5 bxa5 37. bxa5 Rxg4 38. Nf5 Rg2+ 39. Kb1 Kc7 40. Ne7 Nf4
41. Nd5+ Kc6 42. Ka1 Kc5 43. Rc1 d3 44. Ne7 d2 45. Rb5+ Kd6 46. Nf5+ Ke6 47. Rd1
Ne2 48. Rd5 Nc3 49. Rxd8 Nxd1 50. Rd6+ Kf7 51. Rd7+ Kf6 52. Rd6+ Kg5 53. Rg6+
Kxg6 54. Nh4+ Kg5 55. Nxg2 Nc3 56. Ne3 Kf4 0-1

[Event "Bayern-Baden"]
[Site "?"]
[Date "2015.09.07"]
[Round "2.1"]
[White "Nekrasov, Mihail"]
[Black "Schmidt, Gerhard"]
[Result "1/2-1/2"]
[WhiteElo "2394"]
[BlackElo "2207"]
[PlyCount "87"]
[EventDate "2015.??.??"]
[WhiteTeam "Baden"]
[BlackTeam "Bayern"]

1. e4 c5 2. c3 d5 3. exd5 Qxd5 4. d4 cxd4 5. cxd4 Nc6 6. Nf3 e5 7. Nc3 Bb4 8.
Bd2 Bxc3 9. Bxc3 e4 10. Ne5 Nxe5 11. dxe5 Ne7 12. Qe2 Bf5 13. Rd1 Qc5 14. Qb5+
Qxb5 15. Bxb5+ Nc6 16. Rd6 Rc8 17. Ke2 a6 18. Bxc6+ Rxc6 19. Rxc6 bxc6 20. Ke3
Be6 21. a3 Bd5 22. Rd1 Kd7 23. Rd4 Ra8 24. Ra4 h5 25. g3 g6 26. h4 Kc7 27. Ba5+
Kd7 28. Bb4 Bb3 29. Ra5 Bd5 30. Kd4 Ke6 31. Bc3 Kd7 32. Kc5 Kc7 33. Ra4 Kb7 34.
Kd6 Rd8+ 35. Ke7 Rg8 36. Ba5 Kc8 37. Bb4 Kb7 38. Bc3 Kb6 39. Ra5 c5 40. b4 cxb4
41. axb4 Be6 42. Bd4+ Kb7 43. Bc5 Kc8 44. Ra1 {Rest nicht rekonstruierbar}
1/2-1/2

[Event "Bayern-Baden"]
[Site "?"]
[Date "2015.09.07"]
[Round "2.2"]
[White "Jergler, Karl-Heinz"]
[Black "Werner, Clemens"]
[Result "0-1"]
[WhiteElo "2213"]
[BlackElo "2330"]
[PlyCount "76"]
[EventDate "2015.??.??"]
[WhiteTeam "Bayern"]
[BlackTeam "Baden"]

1. e4 c6 2. d4 d5 3. e5 Bf5 4. Nf3 e6 5. a3 Nd7 6. c4 Ne7 7. Nc3 Bg4 8. cxd5
Nxd5 9. Nxd5 cxd5 10. Bd3 Be7 11. O-O Rc8 12. Be3 O-O 13. Rc1 Qb6 14. Rxc8 Rxc8
15. Qb1 g6 16. Nd2 Rc6 17. Rc1 Bf5 18. Bxf5 exf5 19. Rxc6 Qxc6 20. g3 Nf8 21.
Nf3 Ne6 22. h4 Qc4 23. Qd1 b5 24. Qd2 Bd8 25. Ng5 Bb6 26. Nxe6 fxe6 27. h5 Kf7
28. hxg6+ hxg6 29. Kg2 g5 30. Qd1 Kg6 31. Qd2 f4 32. gxf4 gxf4 33. Qd1 fxe3 34.
Qg4+ Kf7 35. Qf3+ Ke8 36. Qh5+ Kd8 37. Qg5+ Kc8 38. fxe3 Bd8 0-1

[Event "Bayern-Baden"]
[Site "?"]
[Date "2015.09.07"]
[Round "2.3"]
[White "Herbrechtsmeier, Christof"]
[Black "Daeubler, Heinrich"]
[Result "1/2-1/2"]
[WhiteElo "2275"]
[BlackElo "2165"]
[PlyCount "91"]
[EventDate "2015.??.??"]
[WhiteTeam "Baden"]
[BlackTeam "Bayern"]

1. e4 e6 2. d4 d5 3. Nc3 Bb4 4. e5 c5 5. dxc5 Nc6 6. Nf3 Nge7 7. Bd3 Ng6 8. Bxg6
hxg6 9. O-O Bxc5 10. Qe2 Bd7 11. Be3 Be7 12. Nb5 O-O 13. Nbd4 Qc7 14. Nxc6 bxc6
15. Rfe1 c5 16. Qd3 Rab8 17. b3 Bc6 18. Bg5 Rfe8 19. Bxe7 Qxe7 20. Qd2 f6 21.
Qf4 g5 22. Qg3 d4 23. Nd2 f5 24. Nc4 Rbd8 25. Nd6 Rf8 26. Rad1 Bd5 27. c3 dxc3
28. Qxc3 Rxd6 29. exd6 Qxd6 30. Rc1 Rc8 31. Qe5 Qxe5 32. Rxe5 Kf7 33. Re3 Ke7
34. Rg3 g4 35. h3 gxh3 36. Rxh3 Kd6 37. Rg3 Rc7 38. f4 a5 39. Kh2 Rb7 40. Rgc3
Rb4 41. g3 a4 42. Rxc5 axb3 43. axb3 Rxb3 44. Rc7 Rb8 45. Rc8 Rb7 46. Rd8+
1/2-1/2

[Event "Bayern-Baden"]
[Site "?"]
[Date "2015.09.07"]
[Round "2.4"]
[White "Straub, Peter"]
[Black "Kiefer, Gerhard"]
[Result "1/2-1/2"]
[WhiteElo "2096"]
[BlackElo "2230"]
[PlyCount "56"]
[EventDate "2015.??.??"]
[WhiteTeam "Bayern"]
[BlackTeam "Baden"]

1. d4 Nf6 2. Nf3 e6 3. c4 c5 4. Nc3 cxd4 5. Nxd4 a6 6. e4 Qc7 7. Bd3 Bb4 8. Bd2
O-O 9. O-O Nc6 10. Nxc6 dxc6 11. Qe2 e5 12. h3 Bc5 13. Bg5 Nd7 14. Be3 Re8 15.
a3 a5 16. Rab1 Qd6 17. Rbd1 Bd4 18. Bxd4 Qxd4 19. Bc2 Qa7 20. Rfe1 Nf8 21. Qe3
Qxe3 22. Rxe3 Ne6 23. Ne2 a4 24. Red3 Nc5 25. Rd8 Be6 26. Rxe8+ Rxe8 27. Nc3
Bxc4 28. Nxa4 Nxa4 1/2-1/2

[Event "Berlin 1-Hamburg 1"]
[Site "?"]
[Date "2015.09.07"]
[Round "2.1"]
[White "Engelbert, Christoph"]
[Black "Reichenbach, Werner"]
[Result "1/2-1/2"]
[WhiteElo "2206"]
[BlackElo "2214"]
[PlyCount "110"]
[EventDate "2015.??.??"]

1. e4 e6 2. d4 d5 3. exd5 exd5 4. Nf3 Bd6 5. c4 c6 6. Nc3 Ne7 7. c5 Bc7 8. Bd3
O-O 9. O-O Nd7 10. b4 Ng6 11. Re1 Re8 12. Bg5 f6 13. Be3 Ndf8 14. h3 Be6 15. Bf1
Qd7 16. Ne2 Bf7 17. Rb1 Ne6 18. g3 Nef8 19. Qd2 Be6 20. Kh2 Bf5 21. Rbc1 Ne6 22.
Nc3 Nef8 23. Ng1 h5 24. Kg2 Re7 25. h4 Rae8 26. Be2 Bxg3 27. fxg3 Rxe3 28. Bxh5
Rd3 29. Qf2 Rxe1 30. Qxe1 Bg4 31. Bxg6 Nxg6 32. Qf2 Qf5 33. Qxf5 Bxf5 34. Nce2
Bg4 35. Rc2 Kf7 36. Rb2 a6 37. a4 Ne7 38. b5 axb5 39. axb5 g5 40. hxg5 fxg5 41.
Ra2 Nf5 42. Ra7 Ke8 43. Rxb7 cxb5 44. Rxb5 Rd2 45. Kf1 Kd7 46. Rb6 Ne7 47. Rf6
Rd3 48. Kf2 Nf5 49. Rg6 Rd2 50. Ke1 Rd3 51. Rxg5 Ne3 52. Re5 Kc6 53. Kf2 Nd1+
54. Ke1 Ne3 55. Kf2 Nd1+ 1/2-1/2

[Event "Berlin 1-Hamburg 1"]
[Site "?"]
[Date "2015.09.07"]
[Round "2.2"]
[White "Postler, Reinhard"]
[Black "Schellhorn, Wolfgang"]
[Result "1/2-1/2"]
[WhiteElo "2215"]
[BlackElo "2153"]
[PlyCount "52"]
[EventDate "2015.??.??"]

1. e4 c5 2. Nf3 d6 3. d4 cxd4 4. Nxd4 Nf6 5. Nc3 a6 6. Be3 e5 7. Nf3 Be7 8. Bc4
O-O 9. Bg5 Nbd7 10. O-O b5 11. Bb3 Bb7 12. Re1 Rc8 13. Bxf6 Nxf6 14. Re2 Rxc3
15. bxc3 Nxe4 16. Qe1 Qa8 17. a4 bxa4 18. Rxa4 Nc5 19. Rg4 Bxf3 20. gxf3 Nxb3
21. cxb3 Qxf3 22. Rg3 Qb7 23. c4 f5 24. Qa5 f4 25. Rd3 Rb8 26. f3 Bd8 1/2-1/2

[Event "Berlin 1-Hamburg 1"]
[Site "?"]
[Date "2015.09.07"]
[Round "2.3"]
[White "Horn, Peter"]
[Black "Thormann, Wolfgang"]
[Result "1/2-1/2"]
[WhiteElo "2110"]
[BlackElo "2224"]
[PlyCount "57"]
[EventDate "2015.??.??"]

1. c4 b6 2. Nc3 e6 3. e4 Bb7 4. Nge2 Ne7 5. g3 g6 6. Bg2 Bg7 7. O-O O-O 8. d3
Nbc6 9. Be3 Qc8 10. Qd2 Rd8 11. Rac1 Ne5 12. h3 f6 13. f4 Nf7 14. d4 f5 15. d5
Nd6 16. b3 fxe4 17. Nxe4 Nxe4 18. Bxe4 c5 19. Nc3 Nf5 20. Bxf5 exf5 21. Kh2 d6
22. Rce1 Qd7 23. Re2 Re8 24. Rfe1 Ba6 25. a4 Re7 26. Bf2 Rae8 27. Rxe7 Rxe7 28.
Rxe7 Qxe7 29. Qe2 1/2-1/2

[Event "Berlin 1-Hamburg 1"]
[Site "?"]
[Date "2015.09.07"]
[Round "2.4"]
[White "Baumbach, Friedrich"]
[Black "Maahs, Erich"]
[Result "1/2-1/2"]
[WhiteElo "2141"]
[BlackElo "2081"]
[PlyCount "101"]
[EventDate "2015.??.??"]

1. d4 Nf6 2. c4 e6 3. Nf3 d5 4. Nc3 Bb4 5. cxd5 exd5 6. Bg5 Nbd7 7. e3 O-O 8.
Bd3 h6 9. Bh4 c6 10. O-O Qa5 11. Qc2 Re8 12. Rfc1 Bxc3 13. Qxc3 Qxc3 14. Rxc3 a5
15. Ra3 Ne4 16. Rc1 Nb6 17. b4 axb4 18. Rxa8 Nxa8 19. Rb1 c5 20. dxc5 Nxc5 21.
Be2 Re4 22. Bg3 Bf5 23. Rc1 b6 24. Nd4 Bd7 25. Bf3 Re8 26. Bxd5 Be6 27. Bxe6
fxe6 28. Bd6 e5 29. Nb3 Nd3 30. Rc4 Rd8 31. Be7 Rd7 32. Kf1 Rxe7 33. Rc8+ Kf7
34. Rxa8 Rc7 35. Ke2 Nc1+ 36. Kf3 Nxb3 37. axb3 Rc3 38. Rb8 Rxb3 39. Rxb6 Rb2
40. h4 h5 41. g3 g6 42. Ra6 e4+ 43. Kxe4 Rxf2 44. Rb6 Rb2 45. Ke5 Kg7 46. Rb7+
Kh6 47. e4 Rb1 48. Ke6 g5 49. Rb6 gxh4 50. gxh4 b3 51. Kf5+ 1/2-1/2

[Event "Berlin 2-Niedersachsen 1"]
[Site "?"]
[Date "2015.09.07"]
[Round "2.1"]
[White "Clemens, Christian"]
[Black "Welz, Peter"]
[Result "1/2-1/2"]
[WhiteElo "2211"]
[BlackElo "2095"]
[PlyCount "32"]
[EventDate "2015.??.??"]

1. c4 f5 2. Nc3 Nf6 3. g3 g6 4. Bg2 Bg7 5. d3 d6 6. e4 fxe4 7. dxe4 e5 8. Nge2
O-O 9. h3 c5 10. O-O Nc6 11. Nd5 Nxd5 12. cxd5 Nd4 13. f4 Bd7 14. Nxd4 cxd4 15.
Kh2 Qb6 16. b3 Rac8 1/2-1/2

[Event "Berlin 2-Niedersachsen 1"]
[Site "?"]
[Date "2015.09.07"]
[Round "2.2"]
[White "Albrecht, Rainer"]
[Black "Ljubarskij, Juri"]
[Result "0-1"]
[WhiteElo "2036"]
[BlackElo "2226"]
[PlyCount "96"]
[EventDate "2015.??.??"]

1. d4 d5 2. c4 c6 3. Nc3 Nf6 4. e3 e6 5. Nf3 Nbd7 6. Bd3 dxc4 7. Bxc4 b5 8. Bd3
a6 9. a4 Bb7 10. O-O b4 11. Ne4 Nxe4 12. Bxe4 Nf6 13. Bd3 c5 14. dxc5 Bxc5 15.
Qe2 O-O 16. Rd1 Qe7 17. h3 Rfd8 18. Bd2 Ne4 19. Be1 e5 20. Nd2 Ng5 21. Nb3 Bb6
22. a5 Bc7 23. e4 Bd6 24. f3 Ne6 25. g3 Ng5 26. h4 Ne6 27. Bf2 Nc5 28. Nxc5 Bxc5
29. b3 Bd4 30. Bxd4 Rxd4 31. Bc4 Qc5 32. Kg2 Rad8 33. g4 g6 34. Rxd4 Rxd4 35.
Ra2 Qd6 36. g5 Kg7 37. Kg3 Bc8 38. Rc2 Qd7 39. Qh2 h6 40. Bd5 Bb7 41. Kf2 f6 42.
gxf6+ Kxf6 43. f4 Bxd5 44. fxe5+ Kg7 45. exd5 Qf5+ 46. Ke1 Rf4 47. Re2 Qb1+ 48.
Kd2 Qb2+ 0-1

[Event "Berlin 2-Niedersachsen 1"]
[Site "?"]
[Date "2015.09.07"]
[Round "2.3"]
[White "Adibekian, Roubik"]
[Black "Federau, Juergen"]
[Result "1-0"]
[WhiteElo "2210"]
[BlackElo "2121"]
[PlyCount "153"]
[EventDate "2015.??.??"]

1. d4 Nf6 2. Nf3 e6 3. g3 b6 4. Bg2 Bb7 5. O-O Be7 6. c4 O-O 7. Nc3 Ne4 8. Qc2
Nxc3 9. Qxc3 c5 10. dxc5 bxc5 11. Qc2 Nc6 12. a3 h6 13. Rd1 Qc7 14. Bf4 d6 15.
Rab1 a5 16. Bd2 Rfb8 17. e3 Nd8 18. Bc3 Bc6 19. Ne1 Bxg2 20. Nxg2 a4 21. Qe4 f5
22. Qf3 Qc6 23. Qh5 Bf8 24. Qg6 Qd7 25. e4 Qf7 26. exf5 exf5 27. Nf4 Nb7 28. Rd5
Qxg6 29. Nxg6 Kh7 30. Nxf8+ Rxf8 31. Re1 Rf7 32. h4 h5 33. Kg2 g6 34. Kf3 Raf8
35. Kf4 Kh6 36. Re6 Rd7 37. Rd1 Rdf7 38. Rde1 Kh7 39. Re7 Nd8 40. Rxf7+ Nxf7 41.
f3 Kg8 42. Re7 Rd8 43. Ra7 Re8 44. Rxa4 Ne5 45. Bxe5 dxe5+ 46. Ke3 e4 47. Ra5
exf3+ 48. Kxf3 Rc8 49. Kf4 Kf7 50. Ra7+ Kf6 51. Ra6+ Kf7 52. Kg5 Rb8 53. Rxg6
Rxb2 54. Rf6+ Kg7 55. Rxf5 Rb3 56. Kf4 Kg6 57. Rg5+ Kh6 58. Ke5 Rxa3 59. Kd5 Ra5
60. Kc6 Ra6+ 61. Kb5 Ra3 62. Kxc5 Ra5+ 63. Kd6 Rxg5 64. hxg5+ Kxg5 65. c5 Kg4
66. c6 Kxg3 67. c7 h4 68. c8=Q h3 69. Qc3+ Kg2 70. Qd2+ Kg1 71. Qe3+ Kg2 72.
Qg5+ Kh1 73. Qd5+ Kg1 74. Qd1+ Kg2 75. Qg4+ Kh2 76. Ke5 Kh1 77. Qxh3+ 1-0

[Event "Berlin 2-Niedersachsen 1"]
[Site "?"]
[Date "2015.09.07"]
[Round "2.4"]
[White "Sprotte, Norbert"]
[Black "Jolowicz, Matias"]
[Result "1/2-1/2"]
[WhiteElo "2186"]
[BlackElo "2159"]
[PlyCount "88"]
[EventDate "2015.??.??"]

1. d4 Nf6 2. Nf3 g6 3. g3 Bg7 4. Bg2 O-O 5. c4 d6 6. O-O Nc6 7. d5 Na5 8. Qa4 c5
9. dxc6 Nxc6 10. Nc3 Bd7 11. Qc2 Rc8 12. b3 Bf5 13. Qd2 Ne4 14. Nxe4 Bxa1 15.
Nh4 Bxe4 16. Bxe4 Bg7 17. Qg5 e6 18. Rd1 Qxg5 19. Bxg5 f6 20. Be3 Rfd8 21. Ng2
Kf7 22. Nf4 b6 23. Bg2 f5 24. h4 Ne5 25. Bd4 Bf6 26. Be3 Be7 27. Nd3 Ng4 28. Bf4
Nf6 29. Bb7 Rc7 30. Bg2 Ne4 31. Kf1 Rcd7 32. Be3 Bf6 33. Nb4 d5 34. cxd5 exd5
35. Bf4 Ke6 36. Rc1 Nc3 37. Rc2 a5 38. Nd3 Rc8 39. Bf3 Rdd8 40. Be3 Nd1 41. Nf4+
Kd6 42. Rd2 Nxe3+ 43. fxe3 d4 44. exd4 Rc1+ 1/2-1/2

[Event "Schleswig-Holstein 1-Brandenburg 2"]
[Site "?"]
[Date "2015.09.07"]
[Round "2.1"]
[White "Ellenberg, Ekkehard"]
[Black "Salov, Sergej"]
[Result "1/2-1/2"]
[WhiteElo "2106"]
[BlackElo "2251"]
[PlyCount "101"]
[EventDate "2015.??.??"]
[WhiteTeam "Brandenburg 2"]
[BlackTeam "Schleswig-Holstein 1"]

1. e4 c5 2. Nf3 e6 3. Nc3 a6 4. g3 b5 5. Bg2 Bb7 6. d3 Be7 7. O-O d6 8. Qe2 Nf6
9. a4 b4 10. Nd1 Nc6 11. c3 O-O 12. Nd2 d5 13. e5 Nd7 14. f4 bxc3 15. bxc3 Rb8
16. Nf3 Na5 17. Qc2 Bc6 18. Nd2 Nb6 19. Nb2 Qd7 20. Bh3 Qb7 21. Rf2 Nd7 22. Bg4
Nb3 23. Nxb3 Qxb3 24. Qd2 d4 25. c4 Qc3 26. Qxc3 dxc3 27. Nd1 Bd8 28. Nxc3 Ba5
29. Rc2 Rb3 30. Bd2 Rfb8 31. Raa2 Nb6 32. Bd1 Bxc3 33. Rxc3 Rb1 34. Rc1 Nd7 35.
Bc2 R1b2 36. Raa1 g6 37. Bc3 R2b7 38. a5 h5 39. Rcb1 Rxb1+ 40. Rxb1 Rxb1+ 41.
Bxb1 Ba4 42. Kf2 Nb8 43. Ba2 Nc6 44. Ke3 Kf8 45. Kd2 Ke8 46. Bb1 Kd7 47. Bc2
Bxc2 48. Kxc2 Kc7 49. h4 Kd7 50. Kd1 Ne7 51. Be1 1/2-1/2

[Event "Schleswig-Holstein 1-Brandenburg 2"]
[Site "?"]
[Date "2015.09.07"]
[Round "2.2"]
[White "Gruzmann, Boris"]
[Black "Urban, Hans-Rainer"]
[Result "0-1"]
[WhiteElo "2259"]
[BlackElo "2076"]
[PlyCount "108"]
[EventDate "2015.??.??"]
[WhiteTeam "Schleswig-Holstein 1"]
[BlackTeam "Brandenburg 2"]

1. e4 d6 2. d4 g6 3. Nc3 Bg7 4. Be3 a6 5. Qd2 e6 6. h4 h6 7. h5 g5 8. f4 gxf4 9.
Bxf4 Nc6 10. Nf3 Bd7 11. d5 Nce7 12. dxe6 fxe6 13. O-O-O Qb8 14. e5 d5 15. g4
Qa7 16. Be3 b6 17. a4 c5 18. Bg2 O-O-O 19. Bf4 Nc6 20. Rhe1 Nge7 21. Kb1 Rdf8
22. Bg3 Rf7 23. Nh4 Nd4 24. Ng6 Nxg6 25. hxg6 Rff8 26. Qd3 h5 27. gxh5 Rxh5 28.
Rh1 Rfh8 29. Rxh5 Rxh5 30. Rh1 Rxh1+ 31. Bxh1 b5 32. Ne2 Nf5 33. Bf4 c4 34. Qf3
bxa4 35. Bg2 Nh4 36. Qg3 Nxg2 37. Qxg2 a3 38. bxa3 Qc5 39. Qg3 Kb7 40. Qc3 Qb6+
41. Ka2 Be8 42. Be3 Qc7 43. Qb4+ Kc8 44. Bd4 Bxg6 45. Qa4 Bxe5 46. Qxa6+ Kd7 47.
Qb5+ Ke7 48. Bb6 Qb8 49. Bc5+ Kf6 50. Bb6 Bxc2 51. Nd4 Ba4 52. Qa5 Bb3+ 53. Nxb3
cxb3+ 54. Kxb3 Bd4 0-1

[Event "Schleswig-Holstein 1-Brandenburg 2"]
[Site "?"]
[Date "2015.09.07"]
[Round "2.3"]
[White "Nuenchert, Eveline"]
[Black "Neumann, Joachim"]
[Result "1/2-1/2"]
[WhiteElo "2054"]
[BlackElo "2112"]
[PlyCount "39"]
[EventDate "2015.??.??"]
[WhiteTeam "Brandenburg 2"]
[BlackTeam "Schleswig-Holstein 1"]

1. e4 c5 2. Nf3 Nc6 3. d4 cxd4 4. Nxd4 Nf6 5. Nc3 e5 6. Ndb5 d6 7. a4 a6 8. Na3
Be6 9. Bg5 Be7 10. Bxf6 gxf6 11. Nc4 f5 12. exf5 Bxf5 13. Nd5 Be6 14. Nxe7 Kxe7
15. Qh5 Qg8 16. O-O-O Rd8 17. Ne3 d5 18. f4 f6 19. fxe5 Nxe5 20. Nf5+ 1/2-1/2

[Event "Schleswig-Holstein 1-Brandenburg 2"]
[Site "?"]
[Date "2015.09.07"]
[Round "2.4"]
[White "Dittmann, Hans-Adolf"]
[Black "Heckert, Klaus-Dieter"]
[Result "1-0"]
[WhiteElo "2141"]
[BlackElo "2064"]
[PlyCount "121"]
[EventDate "2015.??.??"]
[WhiteTeam "Schleswig-Holstein 1"]
[BlackTeam "Brandenburg 2"]

1. Nf3 g6 2. c4 f5 3. Nc3 Nf6 4. g3 Bg7 5. Bg2 d6 6. d4 O-O 7. O-O c6 8. d5 e5
9. dxe6 Bxe6 10. Qd3 Na6 11. Bf4 d5 12. cxd5 Nxd5 13. Be5 Nab4 14. Qd2 Bxe5 15.
Nxe5 Nxc3 16. Qxc3 Qe7 17. a3 Nd5 18. Qd2 Rad8 19. Rac1 f4 20. Qa5 Rf5 21. Rxc6
Rxe5 22. Rxe6 Rxe6 23. Bxd5 b6 24. Bxe6+ Qxe6 25. Qxa7 fxg3 26. hxg3 Rd2 27.
Qa8+ Kg7 28. Qb7+ Kg8 29. Rc1 Rd8 30. Rc7 Qh3 31. Rc1 Qe6 32. e4 h5 33. Qc6 Qg4
34. e5 h4 35. Qc4+ Qxc4 36. Rxc4 hxg3 37. f4 Rd1+ 38. Kg2 Rd2+ 39. Kxg3 Rxb2 40.
Kg4 Rg2+ 41. Kf3 Ra2 42. a4 Kf7 43. Rc6 Rxa4 44. Rf6+ Kg7 45. Rxb6 Ra1 46. Rb7+
Kf8 47. Rd7 Rf1+ 48. Ke4 Re1+ 49. Kd5 Rf1 50. Rd6 Ke7 51. Rxg6 Rxf4 52. Rg7+ Kf8
53. Rd7 Ra4 54. Ke6 Ra6+ 55. Rd6 Ra8 56. Kf6 Ke8 57. Rb6 Ra1 58. Rb8+ Kd7 59.
e6+ Kd6 60. Rd8+ Kc7 61. e7 1-0

[Event "Mecklenburg-Vorpommern 1-Brandenburg 1"]
[Site "?"]
[Date "2015.09.07"]
[Round "2.1"]
[White "Schulz, Michael"]
[Black "Ackermann, Hans Werner"]
[Result "1/2-1/2"]
[WhiteElo "2214"]
[BlackElo "2333"]
[PlyCount "86"]
[EventDate "2015.??.??"]
[WhiteTeam "Brandenburg 1"]
[BlackTeam "Mecklenburg-Vorpommern 1"]

1. d4 Nf6 2. Bg5 e6 3. Nd2 h6 4. Bh4 c5 5. e3 cxd4 6. exd4 b6 7. Ngf3 Bb7 8. c3
Be7 9. Bxf6 Bxf6 10. Bd3 d6 11. Ne4 Be7 12. Qe2 Nd7 13. Ba6 Bxa6 14. Qxa6 Qc7
15. O-O d5 16. Ned2 O-O 17. Rfe1 b5 18. a4 b4 19. Rec1 Qb6 20. Qb5 Rfd8 21. c4
dxc4 22. Nxc4 Qxb5 23. axb5 Rdb8 24. Na5 Rxb5 25. Nc6 Bg5 26. Nxg5 hxg5 27. Rxa7
Rxa7 28. Nxa7 Rb7 29. Nc6 Nf6 30. Ne5 Nd5 31. g3 Kh7 32. Kg2 Ra7 33. Rc4 Rb7 34.
b3 f6 35. Ng4 Kg6 36. Ne3 Nxe3+ 37. fxe3 Kf5 38. Kf3 g4+ 39. Ke2 Ke4 40. d5+
Kxd5 41. Rxg4 Kc5 42. Rc4+ Kb5 43. Rc8 Rd7 1/2-1/2

[Event "Mecklenburg-Vorpommern 1-Brandenburg 1"]
[Site "?"]
[Date "2015.09.07"]
[Round "2.2"]
[White "Jeske, Eckhard"]
[Black "Walter, Guenter"]
[Result "1/2-1/2"]
[WhiteElo "2144"]
[BlackElo "2203"]
[PlyCount "38"]
[EventDate "2015.??.??"]
[WhiteTeam "Mecklenburg-Vorpommern 1"]
[BlackTeam "Brandenburg 1"]

1. c4 g6 2. Nc3 Bg7 3. g3 e5 4. Bg2 Nc6 5. d3 d6 6. e3 Be6 7. Nge2 Qd7 8. Nd5
Nd8 9. e4 c6 10. Ne3 Ne7 11. d4 d5 12. exd5 cxd5 13. dxe5 dxc4 14. Qxd7+ Kxd7
15. f4 Ndc6 16. Bd2 Rac8 17. Rc1 b5 18. Nc3 Nb4 19. O-O Nd3 1/2-1/2